Music Quiz

Random Music or Song Quiz
Score 0/19 Timer 03:00
0 Plays Today
Songs Answer % Correct
Song 16Rushes
83.6%
Song 17Rushes To
81.8%
Song 18Higgs
80%
Song 2Alabama
78.2%
Song 4Unity
78.2%
Song 19Mitsubishi Sony
74.5%
Song 10Hublots
74.5%
Song 12Slide On Me
72.7%
Song 1At Your Best (You Are Love)
72.7%
Song 9Wither
72.7%
Songs Answer % Correct
Song 6Comme Des Garcons
70.9%
Song 13Sideways
65.5%
Song 14Florida
65.5%
Song 11In Here Somewhere
61.8%
Song 3Mine
60%
Song 8Honeybaby
56.4%
Song 5A Certain Way
50.9%
Song 15Impietas + Deathwish
47.3%
Song 7Xennons
32.7%
Remove Ads.
Support Sporcle.
Get the best of Sporcle when you Go Orange. This ad-free experience offers more features, more stats, and more fun while also helping to support Sporcle. Thank you for becoming a member.

You're not logged in!

Compare scores with friends on all Sporcle quizzes.
OR
Log In

Show Comments

Extras

Created Sep 26, 2019ReportNominate
Tags:Song Quiz, endless, frank, ocean

Top Quizzes Today


Score Distribution

Your Account Isn't Verified!

In order to create a playlist on Sporcle, you need to verify the email address you used during registration. Go to your Sporcle Settings to finish the process.

Report this User

Report this user for behavior that violates our Community Guidelines.

Details: